01495nam a2200409 i 4500001000300000003000400003005001700007008004100024015001600065020001500081040001400096041001300110080002500123245015300148246005200301260011900353300002600472336002700498337005400525338002800579380001600607388001400623388001400637504001200651650002200663650001900685650001200704650001700716655002900733655003000762658003400792658002100826700006000847700004400907710003600951856009800987bgBPK20220919122809.0980713s1997 pl |001 0 pol  aPB 1997/591 a832080986X aWA NcBPK1 apolheng a336.2(038)=111=162.100aMiędzynarodowy słownik podatkowy /cpod red. Susan M. Lyons ; tł. [z ang.] Agnieszka Krawczyk ; hasła pol. i weryfikacja nauk. Jan Głuchowski.1 iTyt. oryg.:aInternational tax glossary,f1992. aWarszawa :bPolskie Wydawnictwo Ekonomiczne ;a[Amsterdam] :bInternational Bureau of Fiscal Documentation,c1997. a606, [6] s. ;c20 cm. 2rdacontentaTekstbtxt 2rdamediaaBez urządzenia pośredniczącegobn 2rdacarrieraWoluminbnc aKsiążki a1901-2000 a1989-2000 aIndeks. 4aJęzyk angielski 4aJęzyk polski 4aPodatek 4aTerminologia 4aSłownik terminologiczny 4aSłownik angielsko-polski aGospodarka, ekonomia, finanse aJęzykoznawstwo1 aKrawczyk, Agnieszkac(nauki ekonomiczne).eTłumaczenie1 aGłuchowski, Jand(1940- )eOpracowanie2 aPolskie Wydawnictwo Ekonomiczne uhttp://koha.tu.koszalin.pl/cgi-bin/koha/opac-detail.pl?biblionumber=33282yKatalog online BPK